000 00942nam a2200253 4500
005 20240530110503.0
008 150516s2011 ua d g b 000 0 ara d
017 _a7824
_bمصر . دار الكتب المصرية
020 _a9770522341
040 _aEG-CaGPL
082 0 4 _221
_a155.916\
_bح م
100 0 _aحمدى على الفرماوى
245 1 0 _aمعالجة اللغة واضطرابات التخاطب :
_b( الاسس النفسية - العصبية ) /
_cحمدى على الفرماوى
250 _aط1
260 _aالقاهرة :
_bمكتبة الانجلو المصرية ،
_c2011 .
300 _a337 ص :
_bايض ؛
_c24 سم
504 _aببليوجرافية : ص 292 - 310
650 0 4 _aالتخاطب
650 0 4 _aاللغة
_xصعوبات التعلم
650 0 4 _aاللغة
_xاضطرابات
650 0 4 _aعلم النفس اللغوى
650 0 4 _aالنطق
_xعيوب
942 _2ddc
_cBK
999 _c61519
_d61519